| 000 | 01890cam a22004934i 4500 | ||
|---|---|---|---|
| 003 | PE-LiUPU | ||
| 005 | 20250731165519.0 | ||
| 008 | 150623s r 000 0 d | ||
| 020 | _a087784691X | ||
| 035 | _a(Sirsi) i9780877846918 | ||
| 040 |
_aPE-LiUPU _bspa _cPE-LiUPU _erda |
||
| 049 | _aPRUA | ||
| 082 | 0 | 4 |
_a225.1 _bB85 _221 |
| 100 | 1 |
_aBruce, Frederick Fyvie, _d1910-, _eautor. |
|
| 245 | 1 | 4 |
_aThe New Testament documents : _bare they reliable? / _cFrederick Fyvie Bruce. |
| 264 | 1 |
_aDowners Grove, Illinois : _bInterVarsity Press, _c2001. |
|
| 300 |
_a127 páginas ; _c18 centímetros |
||
| 336 |
_atext _2rdacontent |
||
| 337 |
_aunmediated _2rdamedia |
||
| 338 |
_avolume _2rdacarrier |
||
| 504 | _aIncluye bibliografía. | ||
| 505 | 0 | _aDoes it matter?. The New Testament documents: their date and attestation. The canon of the New Testament. The gospels. The gospel miracles. The importance of Paul's evidence. The writings of Luke. More archaeological evidence. The evidence of early Jewish writings. The evidence of early gentile writers. Suggestins for further reading. | |
| 526 | _aSEG44 | ||
| 526 | _aSEG26 | ||
| 526 | _aP151 | ||
| 526 | _aP150 | ||
| 526 | _aP149 | ||
| 526 | _aP146 | ||
| 526 | _aP145 | ||
| 526 | _aP126 | ||
| 526 | _aP125 | ||
| 526 | _aP92 | ||
| 526 | _aP75 | ||
| 526 | _aP74 | ||
| 526 | _aP27 | ||
| 526 | _aP15 | ||
| 630 |
_aBiblia. _pN.T. _xEvidencia, autoridad, etc. |
||
| 942 |
_2ddc _cBOOK |
||
| 949 |
_aRC 225.1 B85 _wDEWEY _c1 _i51509 _lCCODEBUL1 _mBUL _p4.20 _r0 _sY _tBOOK _u2015-6-24 _xTEOLOGIA _PP35 _0COMPRA _o.STAFF. Colección General |
||
| 994 |
_aC0 _bPEPRU |
||
| 596 | _a1 | ||
| 999 |
_aRC 225.1 B85 _wDEWEY _c33232 _i51509 _f2021-11-8 _g6 _lCCODEBUL1 _mBUL _p4.20 _r1 _sY _tBOOK _u2015-6-24 _xTEOLOGIA _PP35 _0COMPRA _o.STAFF. Colección General _d33232 |
||
| 980 |
_81 _gALBERTO SANCHEZ Responsable de Automatización |
||